<?xml version="1.0" encoding="UTF-8"?>
<record
    xmlns:xsi="http://www.w3.org/2001/XMLSchema-instance"
    xsi:schemaLocation="http://www.loc.gov/MARC21/slim http://www.loc.gov/standards/marcxml/schema/MARC21slim.xsd"
    xmlns="http://www.loc.gov/MARC21/slim">

  <leader>00974nam0a2200265   4500</leader>
  <controlfield tag="001">RU\NLR\ONL1\3720</controlfield>
  <controlfield tag="005">20250613114240.0</controlfield>
  <datafield tag="035" ind1=" " ind2=" ">
    <subfield code="a">(NLR Aleph) 009632473</subfield>
  </datafield>
  <datafield tag="090" ind1=" " ind2=" ">
    <subfield code="a">9502502</subfield>
    <subfield code="c">9502502</subfield>
  </datafield>
  <datafield tag="100" ind1=" " ind2=" ">
    <subfield code="a">20040723d1992    |||y0rusy50      ca</subfield>
  </datafield>
  <datafield tag="101" ind1="0" ind2=" ">
    <subfield code="a">chm</subfield>
  </datafield>
  <datafield tag="102" ind1=" " ind2=" ">
    <subfield code="a">RU</subfield>
  </datafield>
  <datafield tag="105" ind1=" " ind2=" ">
    <subfield code="a">a |||||||||</subfield>
  </datafield>
  <datafield tag="200" ind1="1" ind2=" ">
    <subfield code="a">&#x41C;&#x430;&#x440;&#x438;&#x439; &#x43A;&#x430;&#x43B;&#x44B;&#x43A; &#x43E;&#x439;&#x43F;&#x43E;&#x433;&#x43E;</subfield>
    <subfield code="e">&#x41E;&#x43B;&#x44B;&#x43A; &#x43C;&#x430;&#x440;&#x438;&#x439; &#x439;&#x43E;&#x43C;&#x430;&#x43A;-&#x432;&#x43B;&#x430;&#x43A;</subfield>
    <subfield code="d">&#x41C;&#x430;&#x440;&#x438;&#x439;&#x441;&#x43A;&#x438;&#x439; &#x444;&#x43E;&#x43B;&#x44C;&#x43A;&#x43B;&#x43E;&#x440;</subfield>
    <subfield code="e">&#x421;&#x43A;&#x430;&#x437;&#x43A;&#x438; &#x43B;&#x443;&#x433;&#x43E;&#x432;&#x44B;&#x445; &#x43C;&#x430;&#x440;&#x438;</subfield>
    <subfield code="f">[&#x421;&#x43E;&#x441;&#x442;., &#x43F;&#x440;&#x435;&#x434;&#x438;&#x441;&#x43B;. &#x438; &#x43A;&#x43E;&#x43C;&#x43C;&#x435;&#x43D;&#x442;. &#x421;. &#x421;. &#x421;&#x430;&#x431;&#x438;&#x442;&#x43E;&#x432;&#x430;]</subfield>
  </datafield>
  <datafield tag="210" ind1=" " ind2=" ">
    <subfield code="a">&#x419;&#x43E;&#x448;&#x43A;&#x430;&#x440;-&#x41E;&#x43B;&#x430;</subfield>
    <subfield code="c">&#x41C;&#x430;&#x440;. &#x43A;&#x43D;. &#x438;&#x437;&#x434;-&#x432;&#x43E;</subfield>
    <subfield code="d">1992</subfield>
  </datafield>
  <datafield tag="215" ind1=" " ind2=" ">
    <subfield code="a">363,[1] &#x441;.</subfield>
    <subfield code="c">&#x438;&#x43B;.</subfield>
    <subfield code="d">22</subfield>
  </datafield>
  <datafield tag="606" ind1="0" ind2=" ">
    <subfield code="a">&#x41C;&#x430;&#x440;&#x438;&#x439;&#x441;&#x43A;&#x438;&#x439; &#x444;&#x43E;&#x43B;&#x44C;&#x43A;&#x43B;&#x43E;&#x440;</subfield>
    <subfield code="9">1234516</subfield>
    <subfield code="3">RU\NLR\auth\66186028</subfield>
  </datafield>
  <datafield tag="686" ind1="1" ind2=" ">
    <subfield code="a">&#x428;3(235=&#x41C;&#x430;&#x440;)-615.1</subfield>
  </datafield>
  <datafield tag="702" ind1=" " ind2="1">
    <subfield code="a">&#x421;&#x430;&#x431;&#x438;&#x442;&#x43E;&#x432;</subfield>
    <subfield code="b">&#x421;. &#x421;.</subfield>
    <subfield code="4">220</subfield>
  </datafield>
  <datafield tag="801" ind1=" " ind2="0">
    <subfield code="a">RU</subfield>
    <subfield code="b">NLR</subfield>
    <subfield code="c">20040723</subfield>
    <subfield code="g">PSBO</subfield>
  </datafield>
  <datafield tag="852" ind1=" " ind2=" ">
    <subfield code="a">NLR</subfield>
    <subfield code="b">&#x41E;&#x41D;&#x41B;</subfield>
    <subfield code="j">&#x41C;&#x430;&#x440;.&#x43B;./3-2328</subfield>
  </datafield>
  <datafield tag="942" ind1=" " ind2=" ">
    <subfield code="c">BOOK</subfield>
  </datafield>
  <datafield tag="980" ind1=" " ind2=" ">
    <subfield code="a">NB</subfield>
  </datafield>
  <datafield tag="995" ind1=" " ind2=" ">
    <subfield code="5">2013-10-26</subfield>
    <subfield code="b">NLR01</subfield>
    <subfield code="c">NLR01</subfield>
    <subfield code="e">ONL</subfield>
    <subfield code="f">1-2422628</subfield>
    <subfield code="k">&#x41C;&#x430;&#x440;.&#x43B;./3-2328</subfield>
    <subfield code="o">0</subfield>
    <subfield code="r">BOOK</subfield>
    <subfield code="s">32328_</subfield>
  </datafield>
  <datafield tag="995" ind1=" " ind2=" ">
    <subfield code="5">2019-05-16</subfield>
    <subfield code="b">NLR01</subfield>
    <subfield code="c">NLR01</subfield>
    <subfield code="e">ONL</subfield>
    <subfield code="f">1-2422600</subfield>
    <subfield code="k">&#x41C;&#x430;&#x440;.&#x43B;./3-2328</subfield>
    <subfield code="o">0</subfield>
    <subfield code="r">BOOK</subfield>
    <subfield code="s">32328_</subfield>
  </datafield>
</record>
